书目信息 |
| 题名: |
中英关系史论丛
|
|
| 作者: | 王绳祖 著 | |
| 分册: | ||
| 出版信息: | 北京 人民出版社 1981 |
|
| 页数: | 256页 | |
| 开本: | 21cm | |
| 丛书名: | ||
| 单 册: | ||
| 中图分类: | D829.561 | |
| 科图分类: | ||
| 主题词: | 中外关系--国际关系史--英国 | |
| 电子资源: | ||
| ISBN: | ||
| 000 | 00631nam0 2200229 45 | |
| 001 | 0181002593 | |
| 005 | 20050629104603.7 | |
| 010 | @dCNY0.86 | |
| 091 | @a11001.471 | |
| 100 | @a19950619d1981 kemy0chiy0121 ea | |
| 101 | 0 | @achi |
| 102 | @aCN@b110000 | |
| 105 | @ay z 000yy | |
| 200 | 10 | @a中英关系史论丛@Azhong ying guan xi shi lun cong@f王绳祖著@FWang Sheng Zu Zhu |
| 210 | @a北京@c人民出版社@d1981 | |
| 215 | @a256页@d21cm | |
| 606 | @a中外关系@x国际关系史@y英国 | |
| 690 | @aD829.561@v3 | |
| 701 | 0 | @a王绳祖@4著 |
| 801 | 0 | @aCN@b上海图书馆@c20040429 |
| 801 | 2 | @aCN@bNLC@c20040429 |
| 905 | @dD829.561@e16@f1@b108827 | |
| 中英关系史论丛/王绳祖著.-北京:人民出版社,1981 |
| 256页;21cm |
| ISBN :CNY0.86 |
| ● |
| 相关链接 |
|
|
|
|
正题名:中英关系史论丛
索取号:D829.561/16
 
预约/预借
| 序号 | 登录号 | 条形码 | 馆藏地/架位号 | 状态 | 备注 |
| 1 | 0108825 | 001024527 | 第一借阅区/ [索取号:D829.561/16] | 在馆 | |
| 2 | 0108826 | 001024536 | 密集书库/ [索取号:D829.561/16] | 在馆 | |
| 3 | 0108827 | 001024518 | 第一样本阅览室/ [索取号:D829.561/16] | 在馆 |